The structure of the proton (Record no. 10889)

MARC details
000 -LEADER
fixed length control field 00710nam a2200217Ia 4500
003 - CONTROL NUMBER IDENTIFIER
control field IN-BaIIA
008 - FIXED-LENGTH DATA ELEMENTS--GENERAL INFORMATION
fixed length control field 211028s9999 xx 000 0 eng d
020 ## - INTERNATIONAL STANDARD BOOK NUMBER
International Standard Book Number 0-521-35159-6
040 ## - CATALOGING SOURCE
Transcribing agency IIA Library
080 ## - UNIVERSAL DECIMAL CLASSIFICATION NUMBER
Universal Decimal Classification number 539.1
Item number ROB
100 ## - MAIN ENTRY--PERSONAL NAME
Personal name Roberts, R. G.
9 (RLIN) 18624
245 #4 - TITLE STATEMENT
Title The structure of the proton
Remainder of title deep inelastic scattering
Statement of responsibility, etc. R. G. Roberts
260 ## - PUBLICATION, DISTRIBUTION, ETC.
Place of publication, distribution, etc. Cambridge
Name of publisher, distributor, etc. Cambridge University Press
Date of publication, distribution, etc. 1990
300 ## - PHYSICAL DESCRIPTION
Extent ix,182p.
490 ## - SERIES STATEMENT
Series statement Cambridge monographs on mathematical physics
650 ## - SUBJECT ADDED ENTRY--TOPICAL TERM
Topical term or geographic name entry element Astronomy and astrophysics thesaurus
650 ## - SUBJECT ADDED ENTRY--TOPICAL TERM
Topical term or geographic name entry element Nuclear physics
9 (RLIN) 1527
650 ## - SUBJECT ADDED ENTRY--TOPICAL TERM
Topical term or geographic name entry element Particle physics
9 (RLIN) 1847
650 ## - SUBJECT ADDED ENTRY--TOPICAL TERM
Topical term or geographic name entry element Protons
9 (RLIN) 6134
942 ## - ADDED ENTRY ELEMENTS (KOHA)
Koha item type Books
Holdings
Withdrawn status Lost status Damaged status Not for loan Home library Current library Shelving location Date acquired Cost, normal purchase price Total Checkouts Full call number Barcode Date last seen Cost, replacement price Price effective from Koha item type Purchase Price
        IIA Library-Bangalore IIA Library-Bangalore General Stacks 22/02/1994 1459.47   539.1/ ROB 11801 05/11/2021 1459.47 22/02/1994 Books Rs. 1459.47

Powered by Koha